[Event "I Open Internacional Illes medes"]
[Site "?"]
[Date "2007.01.02"]
[Round "7.9"]
[White "Chatalbashev Boris"]
[Black "Bronowicki Mateusz"]
[Result "1-0"]
[WhiteElo "2534"]
[BlackElo "2338"]
[PlyCount "59"]
[EventDate "2007.01.03"]
[SourceDate "2007.01.03"]

1. d4 Nf6 2. c4 e6 3. Nf3 b6 4. e3 Bb7 5. Nc3 Bb4 6. Bd3 Ne4 7. O-O Bxc3 8.
bxc3 Nxc3 9. Qc2 Bxf3 10. gxf3 Qg5+ 11. Kh1 Qh5 12. Rg1 Qxf3+ 13. Rg2 f5 14.
Ba3 Ne4 15. Kg1 Nc6 16. d5 Ne5 17. Be2 Qh3 18. dxe6 d6 19. c5 O-O 20. cxd6 cxd6
21. Qc7 g6 22. Bb2 Rac8 23. Qb7 Qh6 24. f4 Rc2 25. e7 Re8 26. Qd5+ Nf7 27. Bf1
Rxg2+ 28. Kxg2 Rxe7 29. Rc1 Qh5 30. Qa8+ 1-0

[Event "I Open Internacional Illes medes"]
[Site "?"]
[Date "2007.01.02"]
[Round "7.13"]
[White "Maes Wim"]
[Black "Landenbergue Claude"]
[Result "0-1"]
[WhiteElo "2304"]
[BlackElo "2446"]
[PlyCount "76"]
[EventDate "2007.01.03"]
[SourceDate "2007.01.03"]

1. e4 c5 2. Nf3 Nc6 3. d3 g6 4. g3 Bg7 5. Bg2 e5 6. O-O Nge7 7. c3 O-O 8. a3 d6
9. b4 Rb8 10. b5 Na5 11. c4 f5 12. Nc3 h6 13. Nd5 Nxd5 14. cxd5 Qf6 15. Nd2 f4
16. Bb2 b6 17. a4 Bd7 18. Bc3 Nb7 19. Ra2 h5 20. Nc4 Nd8 21. gxf4 Qxf4 22. Nxd6
Nf7 23. Bd2 Qh4 24. Nxf7 Rxf7 25. Qc1 Rf4 26. Bxf4 exf4 27. f3 Bd4+ 28. Kh1 Qf6
29. Qc4 g5 30. a5 g4 31. fxg4 hxg4 32. e5 Qxe5 33. axb6 Rxb6 34. Rxa7 Rh6 35.
h3 f3 36. d6+ Be6 37. d7 fxg2+ 38. Kxg2 Qe2+ 0-1

[Event "I Open Internacional Illes medes"]
[Site "?"]
[Date "2007.01.02"]
[Round "7.14"]
[White "Edouard Romain"]
[Black "Susterman Anna"]
[Result "1-0"]
[WhiteElo "2431"]
[BlackElo "2275"]
[PlyCount "41"]
[EventDate "2007.01.03"]
[SourceDate "2007.01.03"]

1. e4 e5 2. Nf3 Nc6 3. Bb5 f5 4. d3 fxe4 5. dxe4 Nf6 6. O-O Nxe4 7. Nxe5 Nxe5
8. Re1 Nf6 9. f4 c6 10. fxe5 Qb6+ 11. Kh1 Ne4 12. Rxe4 Qxb5 13. Nc3 Qc5 14. Re1
Be7 15. Ne4 Qc4 16. Nd6+ Bxd6 17. exd6+ Kf8 18. Re7 h6 19. Qf3+ Kg8 20. Re8+
Kh7 21. Qf5+ 1-0

[Event "I Open Internacional Illes medes"]
[Site "?"]
[Date "2007.01.02"]
[Round "7.21"]
[White "Djingarova Emilia"]
[Black "Formichenko Eduard"]
[Result "0-1"]
[WhiteElo "2302"]
[BlackElo "2426"]
[PlyCount "72"]
[EventDate "2007.01.03"]
[SourceDate "2007.01.03"]

1. e4 c5 2. Nf3 e6 3. b3 Nf6 4. e5 Nd5 5. Bb2 b6 6. g3 Be7 7. Bg2 Bb7 8. O-O
O-O 9. d4 b5 10. dxc5 Bxc5 11. Nd4 Qb6 12. Na3 a6 13. Nf5 Ne7 14. Nxe7+ Bxe7
15. c4 Rc8 16. Rc1 Bxg2 17. Kxg2 Bxa3 18. Bxa3 bxc4 19. bxc4 Nc6 20. Re1 Qa5
21. Qd6 Rab8 22. h4 h6 23. Re3 Rb7 24. g4 Qd8 25. Rce1 Na5 26. Re4 Nxc4 27.
Qxa6 Rb6 28. Qa4 Rbc6 29. Bb4 f5 30. gxf5 exf5 31. Rf4 Rg6+ 32. Kf1 Nxe5 33.
Rxf5 Qc7 34. Bd2 Nc4 35. Bf4 Qb7 36. Ke2 Qe4+ 0-1

[Event "I Open Internacional Illes medes"]
[Site "?"]
[Date "2007.01.02"]
[Round "7.24"]
[White "Kukov Velislav"]
[Black "Estremera Panos Sergio"]
[Result "1/2-1/2"]
[WhiteElo "2265"]
[BlackElo "2380"]
[PlyCount "31"]
[EventDate "2007.01.03"]
[SourceDate "2007.01.03"]

1. Nf3 c5 2. c3 Nf6 3. d4 e6 4. Bg5 cxd4 5. cxd4 Qb6 6. Qc1 Nc6 7. e3 d5 8.
Bxf6 gxf6 9. Nc3 Bd7 10. Be2 Rc8 11. O-O f5 12. Qd2 f6 13. g3 Bd6 14. Nh4 O-O
15. Ng2 Na5 16. Nf4 1/2-1/2

[Event "I Open Internacional Illes medes"]
[Site "?"]
[Date "2007.01.02"]
[Round "7.30"]
[White "Calzetta Monica"]
[Black "Porras Mateo Felipe"]
[Result "1-0"]
[WhiteElo "2344"]
[BlackElo "2186"]
[PlyCount "61"]
[EventDate "2007.01.03"]
[SourceDate "2007.01.03"]

1. e4 g6 2. d4 Bg7 3. Nc3 d6 4. Be3 Nf6 5. h3 O-O 6. f4 c6 7. Nf3 b5 8. e5 Nd5
9. Nxd5 cxd5 10. Qd2 Bd7 11. Bd3 Nc6 12. O-O Rb8 13. Rae1 f5 14. h4 h5 15. b4
e6 16. c3 dxe5 17. dxe5 Rb7 18. Qe2 Qb8 19. Bc5 Rd8 20. Bd6 Qc8 21. Bxb5 Rxb5
22. Qxb5 Nxe5 23. Qe2 Nxf3+ 24. Rxf3 Bxc3 25. Bc5 d4 26. Rxc3 dxc3 27. Qe5 Bc6
28. Qxc3 Be4 29. Qf6 Kh7 30. Qf7+ Kh8 31. Be7 1-0

[Event "I Open Internacional Illes medes"]
[Site "?"]
[Date "2007.01.02"]
[Round "7.35"]
[White "Przezdziecka Marta"]
[Black "Yastrebova Tatiana"]
[Result "1-0"]
[WhiteElo "2303"]
[BlackElo "2099"]
[PlyCount "71"]
[EventDate "2007.01.03"]
[SourceDate "2007.01.03"]

1. e4 d6 2. d4 Nf6 3. Nc3 g6 4. Bg5 Bg7 5. Qd2 c6 6. f4 h6 7. Bh4 O-O 8. Nf3 b5
9. Bd3 Nbd7 10. O-O a6 11. e5 Ne8 12. Qe2 dxe5 13. fxe5 Nc7 14. Be4 Bb7 15.
Rad1 Nb6 16. a4 Qd7 17. a5 Nbd5 18. Nxd5 cxd5 19. Bd3 Ne6 20. Qe3 Bc6 21. Be1
Qa7 22. Bb4 Rae8 23. c3 Bd7 24. Nh4 Qc7 25. Qg3 Ng5 26. Rde1 Be6 27. Re2 Qd7
28. h3 Qc6 29. Nf3 Ne4 30. Bxe4 dxe4 31. Nd2 Bd5 32. Rfe1 Qd7 33. Nxe4 Bxe4 34.
Rxe4 Rc8 35. e6 fxe6 36. Rxe6 1-0

[Event "I Open Internacional Illes medes"]
[Site "?"]
[Date "2007.01.02"]
[Round "7.40"]
[White "Kozak Magdalena"]
[Black "Bruned Vianney"]
[Result "1-0"]
[WhiteElo "2205"]
[BlackElo "1831"]
[PlyCount "61"]
[EventDate "2007.01.03"]
[SourceDate "2007.01.03"]

1. d4 Nf6 2. c4 e6 3. Nf3 b6 4. a3 Ba6 5. Qc2 Bb7 6. Nc3 c5 7. e4 cxd4 8. Nxd4
Bc5 9. Nb3 Nc6 10. Bg5 h6 11. Bh4 Nd4 12. Nxd4 Bxd4 13. Bd3 Be5 14. Bg3 Qb8 15.
O-O-O O-O 16. Kb1 Ba6 17. Qe2 Bxg3 18. hxg3 d5 19. e5 Nd7 20. f4 Nc5 21. Bc2
Qb7 22. g4 Rfd8 23. g5 hxg5 24. Qh5 Kf8 25. Qxg5 Ke8 26. b4 Nd7 27. Qxg7 Nf8
28. f5 Kd7 29. fxe6+ Kc8 30. exf7 Qe7 31. Rh7 1-0

[Event "I Open Internacional Illes medes"]
[Site "?"]
[Date "????.??.02"]
[Round "7.44"]
[White "Hallerod Ralph"]
[Black "Febrero Perez Lluis"]
[Result "1-0"]
[WhiteElo "2180"]
[BlackElo "1754"]
[PlyCount "47"]
[EventDate "2007.01.03"]
[SourceDate "2007.01.03"]

1. c4 c5 2. Nc3 Nf6 3. g3 Nc6 4. Bg2 e6 5. Qb3 Be7 6. e3 O-O 7. d3 Rb8 8. Nge2
Nb4 9. Ne4 d5 10. Nxf6+ Bxf6 11. O-O d4 12. exd4 Bxd4 13. Nxd4 Qxd4 14. Be3
Qxd3 15. Bxc5 Qxb3 16. axb3 Nd3 17. Bxf8 Kxf8 18. Rfd1 Nc5 19. b4 Na6 20. b5
Nc5 21. b4 Nd7 22. Rxa7 Nb6 23. c5 Nc4 24. c6 1-0

[Event "I Open Internacional Illes medes"]
[Site "?"]
[Date "2007.01.02"]
[Round "7.47"]
[White "Vila i Camps Carles"]
[Black "Lillo Castan Victor"]
[Result "0-1"]
[WhiteElo "1870"]
[BlackElo "1986"]
[PlyCount "46"]
[EventDate "2007.01.03"]
[SourceDate "2007.01.03"]

1. e4 e5 2. Nf3 Nc6 3. Bb5 f5 4. d3 fxe4 5. dxe4 Nf6 6. O-O Bc5 7. Nc3 d6 8.
Qe2 O-O 9. Be3 Bxe3 10. Qxe3 Bg4 11. a3 Qe8 12. Nd2 Qg6 13. f4 exf4 14. Rxf4
Ne5 15. Raf1 Qh6 16. Qf2 Ng6 17. Bc4+ Kh8 18. Qg3 Nxf4 19. Rxf4 Bd7 20. Qf2 Bc6
21. Bd5 Nd7 22. Bf7 Ne5 23. Rh4 Rxf7 0-1

[Event "I Open Internacional Illes medes"]
[Site "?"]
[Date "2007.01.02"]
[Round "7.3"]
[White "Campos Moreno Javier B"]
[Black "Delchev Aleksander"]
[Result "1/2-1/2"]
[WhiteElo "2446"]
[BlackElo "2628"]
[PlyCount "50"]
[EventDate "2007.01.03"]
[SourceDate "2007.01.03"]

1. d4 Nf6 2. c4 e6 3. Nf3 d5 4. Nc3 Bb4 5. Bg5 h6 6. Bxf6 Qxf6 7. Qb3 c5 8.
cxd5 exd5 9. e3 O-O 10. dxc5 Bxc3+ 11. Qxc3 Qxc3+ 12. bxc3 Nd7 13. Rd1 Nxc5 14.
Rxd5 b6 15. c4 Ba6 16. Be2 Ne4 17. Nd2 Nxd2 18. Rxd2 Rac8 19. Rd4 Rfd8 20.
Rxd8+ Rxd8 21. c5 Bxe2 22. Kxe2 bxc5 23. Rc1 Rb8 24. Kd3 Rb5 25. Rc2 g5 1/2-1/2

[Event "I Open Internacional Illes Medes"]
[Site "?"]
[Date "2007.01.03"]
[Round "8.2"]
[White "Hamdouchi Hichem"]
[Black "Fluvia Poyatos Joan"]
[Result "0-1"]
[WhiteElo "2582"]
[BlackElo "2457"]
[PlyCount "88"]
[EventDate "2007.01.04"]
[SourceDate "2007.01.04"]

1. e4 c5 2. Nf3 Nc6 3. Bb5 g6 4. Bxc6 dxc6 5. d3 Bg7 6. h3 Nf6 7. Nc3 O-O 8.
Bf4 Ne8 9. Qd2 f6 10. Be3 b6 11. d4 cxd4 12. Qxd4 Qxd4 13. Nxd4 Bd7 14. O-O-O
Nd6 15. Bf4 Rad8 16. Nf3 Bc8 17. Kb1 e5 18. Be3 Rd7 19. a4 Rfd8 20. Rde1 Nc4
21. Bc1 Bf8 22. Nd1 b5 23. axb5 cxb5 24. b3 Na3+ 25. Kb2 b4 26. Ne3 Bb7 27. Nc4
Nxc4+ 28. bxc4 a5 29. Be3 a4 30. Re2 Bxe4 31. Bb6 Bxf3 32. gxf3 Rc8 33. Ra1 Rb7
34. Be3 a3+ 35. Kb3 Rbc7 36. c5 Bxc5 37. Bxc5 Rxc5 38. Kxb4 Rxc2 39. Rxc2 Rxc2
40. Rxa3 Rxf2 41. Kc4 Kf7 42. Kd5 Rd2+ 43. Ke4 Rd4+ 44. Ke3 Rh4 0-1

[Event "I Open Internacional Illes Medes"]
[Site "?"]
[Date "2007.01.03"]
[Round "8.9"]
[White "Cornette Matthieu"]
[Black "Oussama Omar"]
[Result "1-0"]
[WhiteElo "2480"]
[BlackElo "2299"]
[PlyCount "89"]
[SourceDate "2007.01.04"]

1. e4 c5 2. Nf3 Nc6 3. Bb5 e6 4. Bxc6 bxc6 5. d3 Ne7 6. Qe2 f6 7. Nh4 g6 8. f4
Bg7 9. e5 O-O 10. Nf3 Nf5 11. Be3 fxe5 12. fxe5 Nd4 13. Bxd4 cxd4 14. Nbd2 c5
15. h4 Rf5 16. g4 Rf4 17. h5 Bb7 18. hxg6 hxg6 19. O-O-O c4 20. dxc4 d6 21. Rh3
dxe5 22. Nxe5 Qg5 23. Nd3 Re4 24. Qh2 Re3 25. Rf1 Rxh3 26. Qxh3 Rf8 27. Rxf8+
Kxf8 28. Qg3 e5 29. Nc5 Bc8 30. Qf3+ Kg8 31. Qd5+ Kh7 32. Nce4 Qxg4 33. b4 Bf5
34. c5 Qe2 35. Kb2 Bh6 36. Nf6+ Kg7 37. Nde4 Bxe4 38. Nxe4 Bf4 39. c6 Qe1 40.
Qc4 Bc1+ 41. Kb3 Qxe4 42. c7 Qf3+ 43. Ka4 Qa3+ 44. Kb5 a6+ 45. Kb6 1-0

[Event "I Open Internacional Illes Medes"]
[Site "?"]
[Date "2007.01.03"]
[Round "8.12"]
[White "Asis Gargatagli Hipolit"]
[Black "Carlsson Pontus"]
[Result "0-1"]
[WhiteElo "2376"]
[BlackElo "2461"]
[PlyCount "48"]
[SourceDate "2007.01.04"]

1. e4 e6 2. d4 d5 3. Nc3 Nf6 4. e5 Nfd7 5. Nf3 c5 6. dxc5 Nc6 7. Bf4 Bxc5 8.
Bd3 f6 9. exf6 Qxf6 10. Bg5 Qf7 11. O-O O-O 12. Bh4 Qh5 13. Bg3 Nf6 14. a3 a6
15. Qd2 Bd7 16. Rae1 b5 17. b4 Bb6 18. Ne5 Nxe5 19. Rxe5 Qf7 20. Rfe1 Nh5 21.
Bh4 Bc7 22. Nxd5 Bxe5 23. Ne7+ Kh8 24. Rxe5 Nf6 0-1

[Event "I Open Internacional Illes Medes"]
[Site "?"]
[Date "2007.01.03"]
[Round "8.13"]
[White "Fluvia Poyatos Jordi"]
[Black "Aloma Vidal Robert"]
[Result "1-0"]
[WhiteElo "2458"]
[BlackElo "2337"]
[PlyCount "85"]
[SourceDate "2007.01.04"]

1. e4 Nf6 2. e5 Nd5 3. d4 d6 4. Nf3 dxe5 5. Nxe5 g6 6. Bc4 c6 7. O-O Bg7 8. Bb3
O-O 9. Re1 a5 10. c4 Nc7 11. Nc3 Nd7 12. Nf3 Nf6 13. h3 b5 14. Qe2 b4 15. Na4
Ne6 16. Be3 Ba6 17. Qc2 Nd7 18. Rad1 Bf6 19. g4 Qc7 20. h4 c5 21. d5 Nd4 22.
Nxd4 cxd4 23. Bxd4 Bxh4 24. c5 Bf6 25. Qe4 Bb5 26. Bxf6 Nxf6 27. Qxe7 Qf4 28.
Qe3 Qxg4+ 29. Qg3 Qh5 30. Re5 Qh6 31. Nb6 Rae8 32. Bc4 Ne4 33. Rxe4 Rxe4 34.
Bxb5 f5 35. f3 Rh4 36. Bf1 f4 37. Qg2 Rh5 38. Nd7 Rg5 39. Nxf8 Rxg2+ 40. Bxg2
Qxf8 41. d6 Qf5 42. d7 Qxc5+ 43. Kh2 1-0

[Event "I Open Internacional Illes Medes"]
[Site "?"]
[Date "2007.01.03"]
[Round "8.14"]
[White "Guidarelli Laurent"]
[Black "Vernay Clovis"]
[Result "1/2-1/2"]
[WhiteElo "2449"]
[BlackElo "2334"]
[PlyCount "72"]
[SourceDate "2007.01.04"]

1. d4 Nf6 2. c4 c5 3. d5 b5 4. cxb5 a6 5. bxa6 g6 6. Nc3 Bxa6 7. Nf3 d6 8. g3
Bg7 9. Bg2 O-O 10. O-O Nbd7 11. Rb1 Qa5 12. Bd2 Rfb8 13. Qc2 Qc7 14. b3 Nb6 15.
Nh4 Qb7 16. Rfe1 Nfxd5 17. a3 e6 18. Nxd5 exd5 19. a4 Qc6 20. Bc3 Bb7 21. Bxg7
Kxg7 22. Red1 f6 23. e3 Qd7 24. Qc3 g5 25. Nf3 Qf5 26. Ne1 Bc6 27. Ra1 Nc8 28.
Nc2 Qe5 29. Qd3 Ne7 30. f4 Qe6 31. Re1 h6 32. a5 f5 33. b4 Qf6 34. Rab1 Ba4 35.
Rec1 Bxc2 36. Rxc2 Rxb4 1/2-1/2

[Event "I Open Internacional Illes Medes"]
[Site "?"]
[Date "2007.01.03"]
[Round "8.16"]
[White "Formichenko Eduard"]
[Black "Anibar Ahmed"]
[Result "1-0"]
[WhiteElo "2426"]
[BlackElo "2185"]
[PlyCount "69"]
[SourceDate "2007.01.04"]

1. Nf3 c5 2. c4 Nc6 3. d4 cxd4 4. Nxd4 f5 5. g3 g6 6. Bg2 Bg7 7. Nc2 d6 8. O-O
Nf6 9. Nc3 O-O 10. Rb1 Kh8 11. b3 Bd7 12. e3 a6 13. a4 Rb8 14. Bb2 Ne5 15. Qe2
g5 16. f4 gxf4 17. exf4 Ng6 18. Ne3 Qe8 19. Qd3 Qc8 20. Ncd5 Nxd5 21. Bxg7+
Kxg7 22. Nxd5 b5 23. cxb5 axb5 24. Rbc1 Qd8 25. Rfe1 bxa4 26. bxa4 e5 27. Nc7
Qf6 28. a5 exf4 29. Nd5 Qd8 30. Qd4+ Kg8 31. Nb6 Be8 32. Rxe8 Rxe8 33. Bd5+ Kf8
34. Nd7+ Ke7 35. Qg7# 1-0

[Event "I Open Internacional Illes Medes"]
[Site "?"]
[Date "2007.01.03"]
[Round "8.18"]
[White "Krzesaj Robert"]
[Black "Midoux Sebastien"]
[Result "1-0"]
[WhiteElo "2308"]
[BlackElo "2343"]
[PlyCount "71"]
[SourceDate "2007.01.04"]

1. d4 Nf6 2. Nf3 c5 3. d5 g6 4. Nc3 Bg7 5. e4 d6 6. Be2 O-O 7. O-O Na6 8. Nd2
Nc7 9. a4 b6 10. Nc4 Ba6 11. Bf4 Nd7 12. Re1 f5 13. Qd2 fxe4 14. Nxe4 Rf5 15.
Bg5 Rxd5 16. Qe3 Ne5 17. Nexd6 Ne6 18. Rad1 Nd4 19. Rxd4 cxd4 20. Qe4 Rc5 21.
Bxe7 Qxe7 22. Qxa8+ Bf8 23. b4 Bxc4 24. Nxc4 d3 25. bxc5 dxe2 26. Rxe2 Qd7 27.
Qe4 Nf7 28. c6 Qd8 29. Qd3 Qf6 30. Qe4 Bb4 31. c7 Qa1+ 32. Re1 Bxe1 33. c8=Q+
Kg7 34. g3 Bc3+ 35. Kg2 Qd1 36. Ne3 1-0

[Event "I Open Internacional Illes Medes"]
[Site "?"]
[Date "2007.01.03"]
[Round "8.31"]
[White "Benitah Yohan"]
[Black "Fowler John"]
[Result "1-0"]
[WhiteElo "2412"]
[BlackElo "2087"]
[PlyCount "63"]
[SourceDate "2007.01.04"]

1. d4 e6 2. c4 d5 3. Nc3 Nf6 4. cxd5 exd5 5. Bg5 Be7 6. e3 O-O 7. Bd3 Bg4 8.
Qb3 Nc6 9. a3 Re8 10. Nge2 Bxe2 11. Bxe2 Na5 12. Qc2 c6 13. O-O Rc8 14. Bd3 h6
15. Bf4 Bd6 16. Ne2 c5 17. Bxd6 Qxd6 18. Qa4 b6 19. dxc5 Qe5 20. cxb6 axb6 21.
Qd4 Nb3 22. Qxe5 Rxe5 23. Rad1 Ne4 24. Rfe1 Nbc5 25. Bb1 Rce8 26. Rd4 R8e6 27.
Red1 Rd6 28. b4 Rf6 29. bxc5 Nxf2 30. Rxd5 Rxd5 31. Rxd5 Nh3+ 32. gxh3 1-0

[Event "I Open Internacional Illes Medes"]
[Site "?"]
[Date "2007.01.03"]
[Round "8.34"]
[White "Ortells Perez Victor"]
[Black "Djingarova Emilia"]
[Result "1/2-1/2"]
[WhiteElo "2099"]
[BlackElo "2302"]
[PlyCount "32"]
[SourceDate "2007.01.04"]

1. d4 e6 2. Nf3 Nf6 3. e3 b6 4. Bd3 Bb7 5. Nbd2 Be7 6. O-O O-O 7. b3 c5 8. Bb2
Nc6 9. a3 Rc8 10. Be2 cxd4 11. exd4 Qc7 12. Ne5 d6 13. Ng4 Rfe8 14. d5 Ne5 15.
Nxe5 dxe5 16. dxe6 Bd6 1/2-1/2

[Event "I Open Internacional Illes Medes"]
[Site "?"]
[Date "2007.01.03"]
[Round "8.37"]
[White "Bruned Boris"]
[Black "Sabria Batlle Pol"]
[Result "1-0"]
[WhiteElo "2211"]
[BlackElo "1984"]
[PlyCount "105"]
[SourceDate "2007.01.04"]

1. e4 c5 2. Nf3 d6 3. d4 cxd4 4. Nxd4 Nf6 5. Nc3 a6 6. Bg5 Qb6 7. a3 e6 8. f4
Nc6 9. Nb3 Be7 10. Qd2 Qc7 11. O-O-O Bd7 12. Be2 O-O-O 13. Bxf6 gxf6 14. Bh5
Rhf8 15. Kb1 Kb8 16. Ne2 f5 17. exf5 Bf6 18. Qxd6 Qxd6 19. Rxd6 Be7 20. Rd2
exf5 21. Rhd1 Kc7 22. Nc3 Be6 23. Nd5+ Bxd5 24. Rxd5 Bf6 25. Rxf5 Rxd1+ 26.
Bxd1 Be7 27. Bf3 f6 28. Bxc6 Kxc6 29. Nd4+ Kb6 30. Rd5 Re8 31. Rh5 Bc5 32. Nb3
Bg1 33. Rxh7 Re1+ 34. Ka2 Re2 35. Rh6 Rxg2 36. Rxf6+ Kc7 37. c3 Rxh2 38. Rg6
Be3 39. f5 Rf2 40. Rg7+ Kb6 41. Rf7 Bg5 42. a4 a5 43. c4 Rf4 44. c5+ Kc6 45.
Nxa5+ Kxc5 46. Nb3+ Kb4 47. a5 Kc4 48. Rc7+ Kd5 49. Rxb7 Ra4+ 50. Kb1 Ke5 51.
Rb5+ Kf6 52. Nc5 Rc4 53. a6 1-0

[Event "I Open Internacional Illes Medes"]
[Site "?"]
[Date "2007.01.03"]
[Round "8.44"]
[White "Colls Bosch Emili"]
[Black "Mayo Casademont Ramon"]
[Result "1/2-1/2"]
[WhiteElo "1965"]
[BlackElo "2186"]
[PlyCount "66"]
[SourceDate "2007.01.04"]

1. e4 e6 2. d4 d5 3. Nd2 Nf6 4. e5 Nfd7 5. Bd3 c5 6. c3 Nc6 7. Ne2 cxd4 8. cxd4
f6 9. exf6 Nxf6 10. Nf3 Bd6 11. O-O Qc7 12. Bg5 O-O 13. Rc1 Nh5 14. Bb5 Bd7 15.
Bh4 Nf4 16. Nxf4 Bxf4 17. Bg3 Qb6 18. Bxc6 Bxc6 19. Bxf4 Rxf4 20. Qb3 Qxb3 21.
axb3 h6 22. Rfd1 a5 23. Ne5 Ra6 24. f3 Rb6 25. g3 Rf8 26. Rc3 a4 27. Rdd3 Ra8
28. f4 a3 29. bxa3 Rxa3 30. Kg2 Ra2+ 31. Kh3 Rb2 32. Nf3 Kf7 33. g4 Ra2 1/2-1/2

[Event "I Open Internacional Illes Medes"]
[Site "?"]
[Date "2007.01.03"]
[Round "8.46"]
[White "Vilar Lopez Monica"]
[Black "Mayo Casademont Andreu"]
[Result "1-0"]
[WhiteElo "2184"]
[BlackElo "1932"]
[PlyCount "49"]
[SourceDate "2007.01.04"]

1. e4 c5 2. Nc3 Nc6 3. g3 e6 4. Bg2 Nge7 5. d3 d5 6. exd5 Nxd5 7. Nge2 g6 8.
O-O Bg7 9. Ne4 Qe7 10. N2c3 O-O 11. Re1 Nxc3 12. bxc3 Qc7 13. Rb1 b6 14. Qf3
Bb7 15. Nf6+ Kh8 16. Bg5 h6 17. Qg4 Ne5 18. Qh4 Bxg2 19. Kxg2 Qc6+ 20. Re4 h5
21. f3 Nd7 22. g4 Nxf6 23. Bxf6 Qd5 24. Re5 Qxa2 25. Rxh5+ 1-0

[Event "I Open Internacional Illes Medes"]
[Site "?"]
[Date "2007.01.03"]
[Round "8.50"]
[White "Yastrebova Tatiana"]
[Black "Jonckers Marie-Jeanne"]
[Result "1-0"]
[WhiteElo "2099"]
[BlackElo "1729"]
[PlyCount "52"]
[SourceDate "2007.01.04"]

1. d4 d5 2. c4 e6 3. Nc3 Nf6 4. cxd5 exd5 5. Bg5 Be6 6. e3 c5 7. Nf3 h6 8. Bh4
Bd6 9. dxc5 Bxc5 10. Bb5+ Nc6 11. O-O O-O 12. Rc1 Be7 13. Qd2 a6 14. Bd3 Rc8
15. Rfd1 Bg4 16. Bb1 Bxf3 17. gxf3 Ne5 18. Kg2 Nh5 19. Bg3 Nxg3 20. hxg3 Nc4
21. Qxd5 Qxd5 22. Nxd5 Bc5 23. b3 Na3 24. Bf5 Rc6 25. Bd7 Rd6 26. Rxc5 Rxd7 1-0

[Event "I Open Internacional Illes Medes"]
[Site "?"]
[Date "2007.01.03"]
[Round "8.4"]
[White "Lopez Martinez Josep Manuel"]
[Black "Maze Sebastien"]
[Result "1/2-1/2"]
[WhiteElo "2508"]
[BlackElo "2510"]
[PlyCount "78"]
[EventDate "2007.01.04"]
[SourceDate "2007.01.04"]

1. e4 c5 2. Nf3 Nc6 3. d4 cxd4 4. Nxd4 g6 5. c4 Nf6 6. Nc3 d6 7. Be2 Nxd4 8.
Qxd4 Bg7 9. Be3 O-O 10. Qd2 Be6 11. Rc1 Qa5 12. f3 Rfc8 13. b3 a6 14. Na4 Qxd2+
15. Kxd2 Nd7 16. g4 f5 17. exf5 gxf5 18. h3 Rd8 19. Rhd1 Rab8 20. Nc3 Rf8 21.
f4 Nf6 22. Rg1 Rbd8 23. g5 Ne4+ 24. Nxe4 fxe4 25. Bg4 Bf5 26. Bb6 Rd7 27. Ke3
e6 28. Bxf5 Rxf5 29. Kxe4 Kf7 30. Kf3 Kg6 31. Kg4 Rdf7 32. Rgf1 e5 33. Rcd1
Rxf4+ 34. Rxf4 Rxf4+ 35. Kg3 Bf8 36. Be3 Re4 37. Kf3 Rh4 38. Kg3 Re4 39. Kf3
Rh4 1/2-1/2

[Event "I Open Internacional Illes Medes"]
[Site "?"]
[Date "2007.01.04"]
[Round "9.1"]
[White "Bartel, Mateusz"]
[Black "Fluvia Poyatos, Joan"]
[Result "1-0"]
[WhiteElo "2569"]
[BlackElo "2457"]
[Annotator "Klaus Rhein"]
[PlyCount "41"]
[EventDate "2007.01.05"]
[SourceDate "2006.12.28"]

1. e4 c5 2. Nf3 Nc6 3. Nc3 Nf6 4. Bb5 Qc7 5. O-O Nd4 6. Re1 a6 7. Bc4 e6 (7...
d6 8. Nd5 Nxd5 9. exd5 g6 10. Nxd4 cxd4 11. d3 h6 12. b4 Bg7 13. Qe2 Bf6 14.
Qf3 Kf8 15. Bb2 Qb6 16. a3 h5 17. h3 h4 18. Qf4 Bf5 19. Rab1 Rh5 20. a4 Be5 21.
Qf3 Rc8 22. a5 Qd8 23. Re2 Rc7 24. Rbe1 Qc8 25. Rxe5 dxe5 26. Rxe5 Rxc4 27.
dxc4 Qxc4 28. Re2 Bxc2 29. d6 exd6 30. Rd2 d3 31. Qxb7 Rf5 32. Qd7 f6 33. Qxd6+
Kf7 {1/2-1/2 Kasparov,G-Leko,P/Linares 2003/CBM 94}) 8. e5 Ng4 (8... Ng8) (8...
d5 9. exf6 dxc4 10. Ne4 Bd7 11. d3 O-O-O 12. Nxd4 cxd4 13. fxg7 Bxg7 14. Bg5
Rdg8 15. Qh5 Bc6 16. dxc4 Be5 17. g3 Rg6 18. Bh4 f6 19. Nc5 Be8 20. Nxe6 Qxc4
21. Rxe5 fxe5 22. Qxe5 Rxe6 23. Qxh8 Qxc2 24. Qxd4 Bc6 {
1-0 Jansa,V-Mrva,M/Czechoslovakia 1992/TD}) 9. Nxd4 Nxe5 10. Nf5 Nxc4 11. Qg4
Ne5 $6 (11... g6 12. Qxc4 gxf5 13. Nd5 Qc6 14. Qc3 Qxd5 15. Qxh8 b5 16. Qxh7
Bb7 17. Qh3 (17. Qg8 O-O-O)) 12. Nxg7+ $18 Bxg7 (12... Kd8 13. Qg5+ Be7 14.
Qxe5 Qxe5 15. Rxe5 Bf6 16. Nxe6+ dxe6 17. Rxc5 $18) 13. Qxg7 Ng6 14. d4 (14.
Nd5 Qc6 15. Nf6+ Kd8 16. Nxh7 b6 17. Qxf7 Ne7 18. d3 Bb7 19. f3 $18) 14... cxd4
15. Nd5 Qc5 16. Re5 Qf8 (16... Qd6 17. Bf4 Rf8 18. Rxe6+ Qxe6 19. Nc7+ Kd8 20.
Nxe6+ fxe6 (20... dxe6 21. Qxd4+) 21. Bd6 $18) 17. Qf6 d6 18. Re1 Rb8 19. Qxd4
b6 20. Qc3 Bd7 21. Bg5 1-0

[Event "I Open Internacional Illes Medes"]
[Site "?"]
[Date "2007.01.04"]
[Round "9.2"]
[White "Delchev, Aleksander"]
[Black "Moskalenko, Viktor"]
[Result "1/2-1/2"]
[WhiteElo "2628"]
[BlackElo "2543"]
[Annotator "Klaus Rhein"]
[PlyCount "47"]
[EventDate "2007.01.05"]
[SourceDate "2006.12.28"]

1. Nf3 f5 2. c4 Nf6 3. g3 e6 4. Bg2 Be7 5. O-O O-O 6. b3 d6 7. d4 Ne4 8. Bb2
Bf6 9. Nc3 Nc6 10. e3 Nxc3 11. Bxc3 e5 12. dxe5 dxe5 13. Qd5+ Kh8 (13... Qxd5
$2 14. cxd5 e4 15. Bxf6 Rxf6 16. dxc6 exf3 17. Bxf3 bxc6 $16) 14. Qxd8 Rxd8 15.
Rfd1 Be6 16. Ne1 Bf7 17. f4 e4 18. Bxf6 gxf6 19. g4 Bg6 20. h3 Ne7 21. Bf1 fxg4
22. hxg4 h5 23. Be2 hxg4 24. Bxg4 1/2-1/2

[Event "I Open Internacional Illes Medes"]
[Site "?"]
[Date "2007.01.04"]
[Round "9.3"]
[White "Maze, Sebastien"]
[Black "Cornette, Matthieu"]
[Result "1/2-1/2"]
[WhiteElo "2510"]
[BlackElo "2480"]
[Annotator "Klaus Rhein"]
[PlyCount "55"]
[EventDate "2007.01.05"]
[SourceDate "2006.12.28"]

1. Nf3 g6 2. d4 Bg7 3. e4 d6 4. h3 Nf6 5. Nc3 c6 6. Be3 Qa5 7. Bd3 O-O 8. O-O
e5 9. dxe5 dxe5 10. a4 Nbd7 11. Qb1 Re8 12. b4 Qc7 13. a5 Nf8 14. b5 Qe7 15. a6
c5 16. b6 bxa6 17. Bxa6 axb6 18. Qxb6 N6d7 19. Qb5 Ne6 20. Bxc8 Rexc8 21. Rxa8
Rxa8 22. Nd5 Qd6 23. Nd2 Nf6 24. Nc4 Qa6 25. Qxa6 Rxa6 26. Nxf6+ Bxf6 27. Rb1
Bg5 28. Rb8+ 1/2-1/2